| 000 | 00558cam a2200229ua 4500 | ||
|---|---|---|---|
| 020 | _cRs 60.00 | ||
| 041 |
_aeng _h |
||
| 082 |
_a627.52 _bPAL/HY |
||
| 100 | _aPalaniappan , T K . | ||
| 245 |
_aHydraulics and irrigation engineering / _cT K Palaniappan. _hTextual Documents |
||
| 250 |
_a3 / _b. |
||
| 260 |
_a : _bPratheeba , _c1992. |
||
| 300 | _a101 ; . | ||
| 365 | _aRs 60.00 | ||
| 500 | _a*CSS | ||
| 504 | _a | ||
| 700 | 1 | _aMarimuthu, V M . | |
| 942 | _cBK | ||
| 999 |
_c3247 _d3247 |
||